[Event "CUB-ch U18 Girls"]
[Site "Camaguey"]
[Date "2017.06.23"]
[Round "5.3"]
[White "Venzant Batista, Marcia Camila"]
[Black "Gonzalez Estrada, Chrissye Luann"]
[Result "1/2-1/2"]
[WhiteElo "1985"]
[BlackElo "1960"]
[PlyCount "69"]
[EventDate "2017.06.21"]
[EventType "swiss"]
[EventRounds "9"]
[EventCountry "CUB"]
[SourceTitle "EXT 2023"]
[Source "ChessBase"]
[SourceDate "2022.10.05"]
[SourceVersion "1"]
[SourceVersionDate "2022.10.05"]
[SourceQuality "1"]

1. e4 e5 2. Nf3 Nc6 3. Bb5 a6 4. Ba4 Nf6 5. 0-0 b5 6. Bb3 Nxe4 7. d4 d5 8. dxe5 Be6 9. c3 Bc5 10. Bc2 0-0 11. Nbd2 Nxf2 12. Rxf2 f6 13. exf6 Bxf2+ 14. Kxf2 Qxf6 15. Kg1 Rae8 16. Nb3 Ne5 17. Nbd4 Bd7 18. Bg5 Qf7 19. Bh4 Nxf3+ 20. Nxf3 Qh5 21. Qd4 Bg4 22. Rf1 Bxf3 23. gxf3 Rxf3 24. Rxf3 Qxf3 25. Qd3 Qxd3 26. Bxd3 Kf7 27. Kf2 h6 28. b3 c6 29. Bg3 c5 30. Be2 Rd8 31. Be5 g6 32. b4 cxb4 33. cxb4 Ke6 34. Bd4 h5 35. Ke3 1/2-1/2

[Event "Pan American-ch U16 Girls"]
[Site "Cali"]
[Date "2015.06.30"]
[Round "4"]
[White "Gonzalez Estrada, Chrissye Luann"]
[Black "Patino Garcia, Corals"]
[Result "1/2-1/2"]
[WhiteElo "2019"]
[BlackElo "1896"]
[PlyCount "26"]
[EventDate "2015.06.28"]
[EventType "swiss"]
[EventRounds "9"]
[EventCountry "COL"]
[SourceTitle "EXT 2016"]
[Source "ChessBase"]
[SourceDate "2015.10.08"]
[SourceVersion "1"]
[SourceVersionDate "2015.10.08"]
[SourceQuality "1"]

1. d4 d5 2. c4 c6 3. Nc3 Nf6 4. Nf3 a6 5. Bg5 dxc4 6. Bxf6 exf6 7. e3 b5 8. Be2 Be7 9. 0-0 0-0 10. a4 Bb7 11. Qc2 Nd7 12. Rfd1 Qc7 13. e4 Rfe8 1/2-1/2